The Excitement and fascination of science; (Record no. 6532)
[ view plain ]
| 000 -LEADER | |
|---|---|
| fixed length control field | 01482cam a22003371 4500 |
| 001 - ACCESSION NUMBER | |
| control field | 22552 |
| 003 - CONTROL NUMBER IDENTIFIER | |
| control field | OSt |
| 005 - DATE AND TIME OF LATEST TRANSACTION | |
| control field | 20160519135851.0 |
| 008 - FIXED-LENGTH DATA ELEMENTS--GENERAL INFORMATION | |
| fixed length control field | 790613r1965 cauac b 001 0aeng |
| 020 ## - INTERNATIONAL STANDARD BOOK NUMBER | |
| International Standard Book Number | 0824326024 |
| Qualifying information | paperback |
| -- | volume 2 |
| 035 ## - SYSTEM CONTROL NUMBER | |
| System control number | 2638318 |
| 040 ## - CATALOGING SOURCE | |
| Original cataloging agency | ANL |
| Language of cataloging | eng |
| Modifying agency | ANL |
| 050 00 - LIBRARY OF CONGRESS CALL NUMBER | |
| Classification number | Q171 |
| Item number | .E98 |
| 082 00 - DEWEY DECIMAL CLASSIFICATION NUMBER | |
| Classification number | 508/.1 |
| 245 04 - TITLE STATEMENT | |
| Title | The Excitement and fascination of science; |
| Remainder of title | a collection of autobiographical and philosophical essays, |
| Statement of responsibility, etc. | by George H. Bishop [and others] |
| 260 ## - PUBLICATION, DISTRIBUTION, ETC. (IMPRINT) | |
| Place of publication, distribution, etc. | Palo Alto, Calif., |
| Name of publisher, distributor, etc. | Annual Reviews, inc. |
| Date of publication, distribution, etc. | [1965]-<c1995 > |
| 300 ## - PHYSICAL DESCRIPTION | |
| Extent | v. <1-4 > 688 p. : |
| Other physical details | ill., ports. ; |
| Dimensions | 23 cm. |
| 500 ## - GENERAL NOTE | |
| General note | Vol. 2, with subtitle Reflections by eminent scientists, compiled by W. C. Gibson. |
| 500 ## - GENERAL NOTE | |
| General note | "Reprinted from the Annual review of biochemistry, the Annual review of pharmacology, the Annual review of physical chemistry, and the Annual review of physiology." |
| 500 ## - GENERAL NOTE | |
| General note | Vol. 3 have subtitle: Reflections by eminent scientists, compiled by Joshua Lederberg. |
| 500 ## - GENERAL NOTE | |
| General note | "Reprinted from the Annual review of anthropology ... [et al.]"--Vol. 3, t.p. |
| 500 ## - GENERAL NOTE | |
| General note | Each volume has its own compiler(s) and subtitle. |
| 504 ## - BIBLIOGRAPHY, ETC. NOTE | |
| Bibliography, etc | Includes bibliographical references and indexes. |
| 650 #0 - SUBJECT ADDED ENTRY--TOPICAL TERM | |
| Topical term or geographic name as entry element | Science. |
| 650 #0 - SUBJECT ADDED ENTRY--TOPICAL TERM | |
| Topical term or geographic name as entry element | Scientists |
| General subdivision | Biography. |
| 700 1# - ADDED ENTRY--PERSONAL NAME | |
| Personal name | Bishop, George H. |
| Fuller form of name | (George Holman), |
| Dates associated with a name | 1889- |
| 700 1# - ADDED ENTRY--PERSONAL NAME | |
| Personal name | Gibson, William Carleton. |
| 710 2# - ADDED ENTRY--CORPORATE NAME | |
| Corporate name or jurisdiction name as entry element | Annual Reviews Inc. |
| 942 ## - ADDED ENTRY ELEMENTS (KOHA) | |
| Source of classification or shelving scheme | Dewey Decimal Classification |
| Koha item type | Circ Books |
No items available.